| 000 | 00729cab a2200253 4500 | ||
|---|---|---|---|
| 001 | ABS47814 | ||
| 008 | 090401t1992 xxu||||| |||| 00| 0 eng d | ||
| 035 | _a(Sirsi) u63494 | ||
| 041 | _aeng | ||
| 100 | _aVarcoe, B. | ||
| 245 | 4 | _aThe property influence | |
| 260 | _c1992 | ||
| 350 | _a0 | ||
| 490 |
_aFacilities _v10(12) December 1992, 18-23(6) |
||
| 520 | _aAn overview of the influence of property within the business context. Details methods of effective property management. | ||
| 650 | _aASSETS | ||
| 650 | _aCOMPANIES | ||
| 650 | _aESTATE MANAGEMENT | ||
| 650 | _aPROPERTY ASSETS | ||
| 650 |
_aProperty management _96262 |
||
| 690 | _aCOMMERCIAL PROPERTY-MANAGEMENT | ||
| 942 | _n0 | ||
| 948 | _c04/03/1997 | ||
| 999 |
_c39461 _d39461 |
||